| 000 | 00341nam a2200133Ia 4500 | ||
|---|---|---|---|
| 008 | 240624s9999 xx 000 0 und d | ||
| 041 | _aeng | ||
| 082 | _a828 BUR | ||
| 100 | _aBURNS MICHAEL | ||
| 245 | _aHACK INTO YOUR CREATIVITY STORY PROMPTS | ||
| 260 |
_c2017 _aNew Delhi _bPenguin |
||
| 300 | _axiv, 241 p.; 19 cm. | ||
| 365 |
_cRS _b28.5 |
||
| 999 |
_c29513 _d29513 |
||